000
00241nam a22000857a 4500
008
161117b xxu||||| |||| 00| 0 eng d
100
_9
1279
_a
Gupta. H. R
245
_a
Introductory information technology - IX and X
260
_a
New delhi
_b
CBSC
_c
2001
999
_c
3983
_d
3983